书目信息 |
| 题名: |
古葩今赏
|
|
| 作者: | 黄玉峰 主编 | |
| 分册: | ||
| 出版信息: | 上海 复旦大学出版社 2000 |
|
| 页数: | 12,222页 | |
| 开本: | 25cm | |
| 丛书名: | 《诗情画意》系列 | |
| 单 册: | ||
| 中图分类: | I207.22 , J212.052 | |
| 科图分类: | ||
| 主题词: | 诗歌--鉴赏--中国 , 中国画--鉴赏--中国 , CT--S096258--中国画 , CT--S067045--诗歌 | |
| 电子资源: | ||
| ISBN: | 7-309-02618-7 | |
| 000 | 00936oam2 2200289 45 | |
| 001 | 012001028421 | |
| 005 | 20070805175954.84 | |
| 010 | @a7-309-02618-7@dCNY29.00 | |
| 100 | @a20010522d2000 em y0chiy0110 ea | |
| 101 | 0 | @achi |
| 102 | @aCN@b310000 | |
| 105 | @aa z 000yd | |
| 200 | 1 | @a古葩今赏@9gu pa jin shang@f黄玉峰主编 |
| 210 | @a上海@c复旦大学出版社@d2000@h2001 | |
| 215 | @a12,222页@c图@d25cm | |
| 225 | 2 | @a《诗情画意》系列@v2 |
| 330 | @a本书含诗100篇,画100幅,时间跨度自先秦到现代,以师生对话的形式写成,文字通俗生动,见解独到,可以使读者大致了解中国传统诗画的发展历史与基本技巧。 | |
| 461 | 0 | @12001 @a《诗情画意》系列@v2 |
| 606 | 0 | @a诗歌@x鉴赏@y中国 |
| 606 | 0 | @a中国画@x鉴赏@y中国 |
| 606 | 0 | @2CT@3S096258@a中国画 |
| 606 | 0 | @2CT@3S067045@a诗歌 |
| 690 | @aI207.22@v4 | |
| 690 | @aJ212.052@v4 | |
| 701 | 0 | @a黄玉峰@9huang yu feng@4主编 |
| 801 | 0 | @aCN@bNLC@c20070805 |
| 905 | @a10447@dI207.22@e774 | |
| 古葩今赏/黄玉峰主编.-上海:复旦大学出版社,2000(2001) |
| 12,222页:图;25cm.-(《诗情画意》系列;2) |
| ISBN 7-309-02618-7:CNY29.00 |
| 本书含诗100篇,画100幅,时间跨度自先秦到现代,以师生对话的形式写成,文字通俗生动,见解独到,可以使读者大致了解中国传统诗画的发展历史与基本技巧。 |
| ● |
| 相关链接 |
|
|
|
|
正题名:古葩今赏
索取号:I207.22/774
 
预约/预借
| 序号 | 登录号 | 条形码 | 馆藏地/架位号 | 状态 | 备注 |
| 1 | 0805778 | 208057788 | 第一样本阅览室/ [索取号:I207.22/774] | 在馆 | |
| 2 | 0805779 | 208057797 | 第二借阅区/ [索取号:I207.22/774] | 在馆 | |
| 3 | 0805780 | 208057804 | 第二借阅区/ [索取号:I207.22/774] | 在馆 | |
| 4 | 0805781 | 208057813 | 第二借阅区/ [索取号:I207.22/774] | 在馆 | |
| 5 | 0805782 | 208057822 | 第二借阅区/ [索取号:I207.22/774] | 在馆 | |
| 6 | 0805783 | 208057831 | 第二借阅区/ [索取号:I207.22/774] | 在馆 | |
| 7 | 0805784 | 208057840 | 第二借阅区/ [索取号:I207.22/774] | 在馆 | |
| 8 | 0805785 | 208057859 | 第二借阅区/ [索取号:I207.22/774] | 在馆 |